Europa League 2021-22 First XI - Statistics

General Stats
  • This quiz has been taken 301 times
  • The average score is 76 of 352
Answer Stats
Team Position Player % Correct
Lyon GK Anthony Lopes
85%
Napoli MF Fabián Ruiz
79%
Leicester City GK Kasper Schmeichel
77%
Napoli GK David Ospina
76%
Napoli FW Hirving Lozano
75%
Napoli FW Victor Osimhen
75%
Napoli DF Kalidou Koulibaly
74%
Napoli MF Piotr Zieliński
73%
Lazio FW Ciro Immobile
72%
West Ham United GK Łukasz Fabiański
69%
Real Sociedad FW Alexander Isak
68%
Eintracht Frankfurt GK Kevin Trapp
67%
Napoli FW Lorenzo Insigne
66%
Sparta Prague MF Filip Souček
65%
West Ham United MF Tomáš Souček
65%
Napoli MF Andre-Frank Zambo Anguissa
64%
Ludogorets Razgrad DF Josué Sá
64%
Lyon MF Karl Toko Ekambi
64%
Galatasaray GK Fernando Muslera
63%
Bayer Leverkusen GK Lukáš Hrádecký
63%
West Ham United FW Michail Antonio
63%
Real Sociedad FW Mikel Oyarzabal
63%
Leicester City MF Wilfred Ndidi
63%
Napoli DF Giovanni Di Lorenzo
61%
Lyon DF Jason Denayer
60%
Monaco FW Kevin Volland
59%
Marseille GK Pau López
59%
Lazio DF Elseid Hysaj
58%
Lazio MF Luis Alberto
58%
Leicester City DF Jonny Evans
57%
Marseille MF Boubacar Kamara
56%
Rangers MF Glen Kamara
56%
Leicester City FW Kelechi Iheanacho
56%
Lyon MF Lucas Paquetá
56%
Lazio GK Thomas Strakosha
56%
Real Betis GK Claudio Bravo
55%
West Ham United MF Declan Rice
55%
Lyon DF Jérôme Boateng
55%
West Ham United DF Kurt Zouma
55%
Monaco GK Alexander Nübel
54%
Bayer Leverkusen MF Florian Wirtz
54%
Braga FW Abel Ruiz
53%
Lyon DF Emerson Palmieri
53%
Lyon MF Houssem Aouar
53%
Bayer Leverkusen DF Jonathan Tah
53%
Leicester City FW Patson Daka
53%
Lazio FW Felipe Anderson
52%
Rangers DF James Tavernier
52%
Real Betis DF Víctor Ruiz
52%
Lyon FW Islam Slimani
51%
Real Betis MF Nabil Fekir
51%
Leicester City DF Timothy Castagne
51%
Napoli DF Amir Rrahmani
49%
Bayer Leverkusen DF Jeremie Frimpong
49%
Midtjylland MF Joel Andersson
49%
West Ham United MF Pablo Fornals
49%
Lyon MF Bruno Guimarães
48%
Eintracht Frankfurt MF Filip Kostić
48%
West Ham United MF Manuel Lanzini
48%
Real Sociedad DF Robin Le Normand
48%
PSV Eindhoven FW Eran Zahavi
47%
Real Sociedad FW Adnan Januzaj
46%
Bayer Leverkusen MF Exequiel Palacios
46%
Monaco DF Guillermo Maripán
46%
Real Sociedad MF Mikel Merino
46%
Marseille MF Cengiz Ünder
45%
Leicester City FW Harvey Barnes
45%
West Ham United DF Issa Diop
45%
Eintracht Frankfurt MF Daichi Kamada
44%
Leicester City DF Jannik Vestergaard
44%
Rangers FW Ryan Kent
44%
West Ham United DF Aaron Cresswell
43%
Bayer Leverkusen MF Moussa Diaby
43%
Lyon MF Maxence Caqueret
41%
Lazio DF Francesco Acerbi
40%
Lazio DF Luiz Felipe
40%
Monaco MF Aurélien Tchouaméni
39%
Leicester City MF Ayoze Pérez
39%
Braga DF Fabiano
39%
Rangers FW Alfredo Morelos
38%
Rangers GK Allan McGregor
38%
Celtic GK Joe Hart
38%
PSV Eindhoven MF Mario Götze
38%
Marseille MF Mattéo Guendouzi
38%
Eintracht Frankfurt DF Obite N'Dicka
38%
Real Betis MF Andrés Guardado
37%
Fenerbahçe FW Enner Valencia
37%
Bayer Leverkusen FW Lucas Alario
37%
Real Sociedad GK Álex Remiro
36%
Eintracht Frankfurt MF Djibril Sow
35%
Dinamo Zagreb GK Dominik Livaković
35%
Eintracht Frankfurt FW Rafael Borré
35%
Real Betis FW Borja Iglesias
34%
West Ham United MF Nikola Vlašić
34%
Olympiacos GK Tomáš Vaclík
34%
Marseille FW Amine Harit
33%
Lyon DF Malo Gusto
33%
Marseille MF Gerson
32%
Fenerbahçe DF Kim Min-jae
32%
Monaco FW Krepin Diatta
32%
Real Sociedad MF Martín Zubimendi
32%
Marseille DF Álvaro González
31%
PSV Eindhoven MF Cody Gakpo
31%
Fenerbahçe FW Mesut Özil
31%
Lazio MF Lucas Leiva
30%
PSV Eindhoven DF Philipp Max
30%
Eintracht Frankfurt DF Martin Hinteregger
29%
Monaco MF Gelson Martins
28%
Lazio DF Manuel Lazzari
28%
Marseille DF William Saliba
28%
Rangers DF Borna Barišić
27%
Celtic FW Jota
27%
Dinamo Zagreb DF Mislav Oršić
27%
Monaco DF Ruben Aguilar
27%
Olympiacos FW Youssef El-Arabi
27%
Marseille MF Cheikh Ahmadou Dieng
26%
Olympiacos MF Aguibou Camara
25%
Leicester City MF Boubakary Soumaré
25%
Galatasaray DF DeAndre Yedlin
25%
Rangers FW Joe Aribo
25%
Bayer Leverkusen MF Kerem Demirbay
25%
Olympiacos FW Mohamed Camara
25%
Bayer Leverkusen DF Odilon Kossounou
25%
Braga FW Ricardo Horta
25%
Marseille DF Valentin Rongier
25%
PSV Eindhoven MF Chukwunonso Madueke
24%
Real Betis MF Joaquín
24%
Napoli DF Kévin Malcuit
24%
Lazio FW Mattia Zaccagni
24%
Galatasaray DF Patrick van Aanholt
24%
Spartak Moscow FW Quincy Promes
24%
Spartak Moscow DF Samuel Gigot
24%
Monaco DF Strahinja Pavlović
24%
Marseille DF Luan Peres
23%
Eintracht Frankfurt DF Danny da Costa
22%
Lazio MF Jean-Daniel Akpa-Akpro
22%
Olympiacos DF Sokratis
22%
Fenerbahçe DF Attila Szalai
21%
Rangers DF Connor Goldson
21%
Real Betis MF Sergio Canales
21%
Dinamo Zagreb FW Bruno Petković
20%
Rangers MF Steven Davis
20%
Braga MF Ali Musrati
19%
PSV Eindhoven DF André Ramalho
19%
West Ham United DF Ryan Fredericks
19%
Sparta Prague FW Adam Hložek
18%
Celtic DF Cameron Carter-Vickers
18%
Spartak Moscow FW Jordan Larsson
18%
Bayer Leverkusen DF Daley Sinkgraven
17%
Monaco MF Eliot Matazo
17%
Monaco DF Ismail Jakobs
17%
Rangers DF Leon Balogun
17%
Fenerbahçe MF Luiz Gustavo
17%
Braga GK Matheus
17%
Red Star Belgrade GK Milan Borjan
17%
Real Sociedad DF Aritz Elustondo
16%
Real Betis MF Juanmi
16%
Real Betis DF Juan Miranda
16%
Genk FW Junya Ito
16%
Royal Antwerp FW Mbwana Samatta
16%
Spartak Moscow MF Victor Moses
16%
Olympiacos MF Yann M'Vila
16%
Fenerbahçe GK Altay Bayındır
15%
Galatasaray DF Marcão
14%
PSV Eindhoven MF Olivier Boscagli
14%
Olympiacos DF Pape Abou Cisse
14%
Real Sociedad DF Aihen Muñoz
13%
Red Star Belgrade DF Aleksandar Dragović
13%
Bayer Leverkusen MF Amine Adli
13%
Fenerbahçe FW Diego Rossi
13%
Royal Antwerp GK Jean Butez
13%
Celtic DF Josip Juranović
13%
Genk FW Paul Onuachu
13%
Dinamo Zagreb DF Stefan Ristovski
13%
Genk DF Daniel Muñoz
12%
Real Betis DF Édgar González
12%
Rangers MF John Lundstram
12%
Galatasaray MF Kerem Aktürkoğlu
12%
Dinamo Zagreb DF Kévin Théophile-Catherine
12%
Eintracht Frankfurt MF Kristijan Jakić
12%
Galatasaray DF Victor Nelsson
12%
Red Star Belgrade MF Guélor Kanga
11%
Leicester City DF Ryan Bertrand
11%
Eintracht Frankfurt FW Sam Lammers
11%
Celtic MF Tom Rogić
11%
Royal Antwerp DF Aurélio Buta
10%
Spartak Moscow MF Ayrton Lucas
10%
Midtjylland MF Evander
10%
Braga DF Galeno
10%
Genk DF Jhon Lucumí
10%
PSV Eindhoven MF Marco van Ginkel
10%
Royal Antwerp FW Michael Frey
10%
Dinamo Zagreb FW Arijan Ademi
9%
Celtic DF Carl Starfelt
9%
Spartak Moscow FW Ezequiel Ponce
9%
Legia Warsaw DF Filip Mladenović
9%
Sparta Prague GK Florin Niță
9%
PSV Eindhoven GK Joel Drommel
9%
Celtic FW Albian Ajeti
8%
Red Star Belgrade MF Aleksandar Katai
8%
Legia Warsaw GK Artur Boruc
8%
Genk DF Carlos Cuesta
8%
Eintracht Frankfurt DF Erik Durm
8%
Fenerbahçe MF Ferdi Kadioglu
8%
Lokomotiv Moscow FW Fyodor Smolov
8%
Olympiacos MF Henry Onyekuru
8%
Real Sociedad DF Joseba Zaldúa
8%
Red Star Belgrade DF Miloš Degenek
8%
Olympiacos DF Oleg Reabciuk
8%
Midtjylland MF Paulinho
8%
PSV Eindhoven DF Phillipp Mwene
8%
Royal Antwerp MF Radja Nainggolan
8%
Galatasaray MF Alexandru Cicâldău
7%
Sturm Graz DF Amadou Dante
7%
Sparta Prague DF Dávid Hancko
7%
Genk DF Gerardo Arteaga
7%
Dinamo Zagreb DF Josip Šutalo
7%
Legia Warsaw MF Josué Pesqueira
7%
Sparta Prague FW Lukáš Haraslín
7%
Legia Warsaw MF Luquinhas
7%
Genk GK Maarten Vandevoordt
7%
Real Betis DF Martín Montoya
7%
Legia Warsaw DF Mateusz Wieteska
7%
Rapid Wien DF Maximilian Hofmann
7%
Olympiacos DF Michał Karbownik
7%
Ferencváros FW Ryan Mmaee
7%
Ferencváros DF Samy Mmaee
7%
Olympiacos MF Andreas Bouchalakis
6%
Celtic DF Anthony Ralston
6%
PSV Eindhoven DF Armando Obispo
6%
Legia Warsaw DF Artur Jędrzejczyk
6%
Fenerbahçe MF Bright Osayi-Samuel
6%
Ferencváros GK Dénes Dibusz
6%
Braga DF Diogo Leite
6%
Lokomotiv Moscow FW François Kamano
6%
Legia Warsaw MF Ihor Kharatin
6%
Sturm Graz MF Ivan Ljubic
6%
Sturm Graz MF Jon Gorenc Stanković
6%
Red Star Belgrade DF Milan Rodić
6%
Red Star Belgrade MF Mirko Ivanić
6%
Galatasaray MF Olimpiu Moruțan
6%
Dinamo Zagreb DF Rasmus Lauritsen
6%
Red Star Belgrade MF Sékou Sanogo
6%
Fenerbahçe DF Serdar Aziz
6%
Rapid Wien FW Taxiarchis Fountas
6%
Genk FW Theo Bongonda
6%
Ferencváros FW Tokmac Nguen
6%
Spartak Moscow GK Aleksandr Maksimenko
5%
Lokomotiv Moscow MF Alexis Beka Beka
5%
Real Sociedad MF Ander Guevara
5%
Brøndby DF Andreas Maxsø
5%
Legia Warsaw MF Bartosz Slisz
5%
Celtic MF David Turnbull
5%
Rapid Wien FW Ercan Kara
5%
Rapid Wien DF Filip Stojković
5%
Spartak Moscow DF Georgi Dzhikiya
5%
Lokomotiv Moscow GK Guilherme Marinato
5%
Midtjylland FW Gustav Isaksen
5%
Galatasaray FW Halil Dervişoğlu
5%
Ludogorets Razgrad FW Kiril Despodov
5%
Genk MF Kristian Thorstvedt
5%
Dinamo Zagreb FW Luka Ivanušec
5%
Red Star Belgrade DF Marko Gobeljić
5%
Legia Warsaw DF Mattias Johansson
5%
Brøndby FW Mikael Uhre
5%
Sturm Graz MF Otar Kiteishvili
5%
Midtjylland MF Raphael Nwadike
5%
Royal Antwerp DF Ritchie De Laet
5%
Spartak Moscow MF Roman Zobnin
5%
Lokomotiv Moscow DF Tin Jedvaj
5%
Galatasaray MF Berkan Kutlu
4%
Ludogorets Razgrad FW Bernard Tekpetey
4%
Genk MF Bryan Heynen
4%
Sturm Graz DF David Affengruber
4%
Midtjylland DF Erik Sviatchenko
4%
Sturm Graz DF Gregory Wüthrich
4%
Ferencváros DF Henry Wingo
4%
Sturm Graz GK Jörg Siebenhandl
4%
Dinamo Zagreb MF Josip Mišić
4%
Sturm Graz DF Jusuf Gazibegović
4%
Sturm Graz FW Kelvin Yeboah
4%
Brøndby DF Kevin Mensah
4%
Royal Antwerp MF Koji Miyoshi
4%
Braga MF Lucas Piazon
4%
Brøndby GK Mads Hermansen
4%
Legia Warsaw DF Maik Nawrocki
4%
Fenerbahçe MF Mert Yandaş
4%
Midtjylland FW Pione Sisto
4%
Red Star Belgrade FW Richairo Živković
4%
Sturm Graz MF Stefan Hierländer
4%
Galatasaray MF Taylan Antalyalı
4%
Monaco FW Wilson Isidor
4%
Celtic FW Adam Montgomery
3%
Brøndby MF Anis Ben Slimane
3%
Ludogorets Razgrad DF Anton Nedyalkov
3%
Dinamo Zagreb MF Bartol Franjić
3%
Red Star Belgrade MF Ben Nabouhane
3%
Genk MF Carel Eiting
3%
Ludogorets Razgrad MF Claude Gonçalves
3%
Royal Antwerp DF Dinis Almeida
3%
Lokomotiv Moscow MF Dmitri Barinov
3%
Ferencváros DF Eldar Ćivić
3%
Midtjylland GK Elías Rafn Ólafsson
3%
Ludogorets Razgrad DF Ihor Plastun
3%
Celtic MF Ismaila Soro
3%
Sturm Graz FW Jakob Jantscher
3%
Royal Antwerp DF Jelle Bataille
3%
Brøndby MF Josip Radošević
3%
Midtjylland DF Juninho
3%
Midtjylland FW Júnior Brumado
3%
Ludogorets Razgrad GK Kristijan Kahlina
3%
Ferencváros MF Kristoffer Zachariassen
3%
Rapid Wien DF Maximilian Ullmann
3%
Ferencváros MF Oleksandr Zubkov
3%
Rapid Wien GK Paul Gartler
3%
Braga DF Paulo Oliveira
3%
Brøndby FW Simon Hedlund
3%
Rapid Wien MF Srđan Grahovac
3%
Royal Antwerp MF Viktor Fischer
3%
Braga DF Vítor Tormena
3%
Ludogorets Razgrad MF Alex Santana
2%
Brøndby DF Andreas Bruus
2%
Ferencváros MF Bálint Vécsei
2%
Royal Antwerp MF Birger Verstraete
2%
Ludogorets Razgrad DF Cicinho
2%
Sparta Prague MF David Pavelka
2%
Ludogorets Razgrad FW Elvis Manu
2%
Rapid Wien MF Emanuel Aiwu
2%
Midtjylland DF Henrik Dalsgaard
2%
Sparta Prague FW Jakub Pesek
2%
Rapid Wien MF Kelvin Arase
2%
Rapid Wien DF Leo Greiml
2%
Braga MF Lucas Mineiro
2%
Rapid Wien MF Marco Grüll
2%
Sparta Prague DF Matěj Polidar
2%
Sparta Prague MF Michal Sáček
2%
Ferencváros DF Miha Blažič
2%
Brøndby MF Morten Frendrup
2%
Spartak Moscow MF Nail Umyarov
2%
Spartak Moscow DF Nikolai Rasskazov
2%
Sparta Prague DF Ondřej Čelůstka
2%
Lokomotiv Moscow MF Rifat Zhemaletdinov
2%
Brøndby DF Sigurd Rosted
2%
Ludogorets Razgrad MF Stéphane Badji
2%
Ferencváros MF Stjepan Lončar
2%
Sparta Prague DF Tomáš Wiesner
2%
Lokomotiv Moscow MF Daniil Kulikov
1%
Brøndby DF Kevin Tshiembe
1%
Legia Warsaw FW Mahir Madatov
1%
Lokomotiv Moscow DF Murilo Cerqueira
1%
Lokomotiv Moscow DF Nair Tiknizyan
1%
Lokomotiv Moscow DF Stanislav Magkeev
1%
No matching quizzes found
Score Distribution
Percent of People with Each Score
Percentile by Number Answered
Your Score History
You have not taken this quiz